Normal view
MARC view
Entry Personal Name
001 - CONTROL NUMBER
- control field: 19199
003 - CONTROL NUMBER IDENTIFIER
- control field: dpl
005 - DATE AND TIME OF LATEST TRANSACTION
- control field: 20100909150302.0
008 - FIXED-LENGTH DATA ELEMENTS
- fixed length control field: 100909|||a|||||| | ||| d
040 ## - CATALOGING SOURCE
- Original cataloging agency: dpl
- Transcribing agency: dpl
100 ## - HEADING--PERSONAL NAME
- Personal name: मिश्र, शिवगोपाल
670 ## - SOURCE DATA FOUND
- Source citation: Work cat.: (dpl)32664: मिश्र, शिवगोपाल, रसायन विज्ञान की रोचक बातें /, 2009
670 ## - SOURCE DATA FOUND
- Source citation: Work cat.: (dpl)32664: मिश्र, शिवगोपाल, रसायन विज्ञान की रोचक बातें /, 2009
